Top 20 biggest countries with hints - Statistics

General Stats
  • This quiz has been taken 15 times
  • The average score is 15 of 20
Answer Stats
Hint Answer % Correct
B Brazil
91%
K Kazakstan
91%
R Russia
91%
U Usa
91%
C Chad
82%
D Democratic republic of the Congo
82%
I Iran
82%
L Libya
82%
M Mongolia
82%
P Peru
82%
S Sudan
82%
A Algeria
73%
A Australia
73%
C Canada
73%
C China
73%
S Saudi arabia
73%
A Argentina
64%
I India
64%
M Mexico
64%
I Indonesia
45%
No matching quizzes found
Score Distribution
Percent of People with Each Score
Percentile by Number Answered
Your Score History
You have not taken this quiz